|
|
|
|
| LEADER |
00000nkmaa2200000 a 4500 |
| 001 |
vtls011885356 |
| 003 |
SK-MaSNL |
| 005 |
20260301051800.0 |
| 007 |
kh ao |
| 008 |
230802s1866 xo | ||00 k|slo |
| 035 |
|
|
|a urn:nbn:sk:snk-km00elgt
|
| 035 |
|
|
|a urn:nbn:sk:snk-km45vib
|
| 035 |
|
|
|a EBDB271A-C61F-46E1-BBA1-26331CEA4674
|
| 040 |
|
|
|a SNKLA
|b slo
|c SNKLA
|e AACR2
|
| 041 |
0 |
|
|a slo
|
| 044 |
|
|
|a xo
|c SK
|
| 245 |
0 |
0 |
|a [Hodža, Ján Mikuláš]
|h grafika
|
| 260 |
|
|
|a [S.l.
|b s.n.]
|c 1866
|
| 300 |
|
|
|a 1 fotografia
|b v hnedom tóne
|c 11 x 6 cm
|
| 520 |
2 |
|
|a Zobrazenie: Podobizeň Jána Mikuláša Hodžu z roku 1866 (6.12.1840 Rakša - 17.11.1892 Rakša).
|
| 600 |
1 |
7 |
|a Hodža, Ján Mikuláš,
|d 1840-1892
|2 SNKMA
|9 359569
|
| 655 |
|
7 |
|a portrétne fotografie
|2 SNKPH
|9 305796
|
| 852 |
7 |
|
|a Slovenská národná knižnica
|b Literárny archív
|
| 958 |
|
|
|a ZO
|
| 958 |
|
|
|a BLA
|
| 999 |
|
|
|c 604271
|d 606201
|
| 952 |
|
|
|a SNKLA
|b SNKLA
|c SNKLA_DEP
|y NEVYP
|7 0
|p 17A1310356
|o snkSH 15/65
|i snkLA 1995/1971
|0 0
|1 0
|4 0
|d 2019-09-05
|f 1
|l 0
|r 2026-02-23 16:04:30
|w 2026-02-23
|